<?xml version="1.0" encoding="UTF-8"?>
<record
    xmlns:xsi="http://www.w3.org/2001/XMLSchema-instance"
    xsi:schemaLocation="http://www.loc.gov/MARC21/slim http://www.loc.gov/standards/marcxml/schema/MARC21slim.xsd"
    xmlns="http://www.loc.gov/MARC21/slim">

  <leader>01013nam a2200229Ia 4500</leader>
  <controlfield tag="003">OSt</controlfield>
  <controlfield tag="005">20251126161037.0</controlfield>
  <controlfield tag="008">210719s2009    xx            000 0 und d</controlfield>
  <datafield tag="040" ind1=" " ind2=" ">
    <subfield code="c">AL</subfield>
  </datafield>
  <datafield tag="041" ind1=" " ind2=" ">
    <subfield code="a">kannada</subfield>
  </datafield>
  <datafield tag="082" ind1=" " ind2=" ">
    <subfield code="a">915.487K KARP</subfield>
  </datafield>
  <datafield tag="100" ind1=" " ind2=" ">
    <subfield code="a">KARNATAKA SARAKARA, PRACHYAVASTU SANGRAHALAYAGALU MATTU PARAMPARE ILAKHE</subfield>
    <subfield code="9">141849</subfield>
    <subfield code="d"> &#xC95;&#xCB0;&#xCCD;&#xCA8;&#xCBE;&#xC9F;&#xC95; &#xCB8;&#xCB0;&#xC95;&#xCBE;&#xCB0; &#xCAA;&#xCCD;&#xCB0;&#xCBE;&#xC9A;&#xCCD;&#xCAF;&#xCB5;&#xCB8;&#xCCD;&#xCA4;&#xCC1; &#xCB8;&#xC82;&#xC97;&#xCCD;&#xCB0;&#xCB9;&#xCBE;&#xCB2;&#xCAF;&#xC97;&#xCB3;&#xCC1; &#xCAE;&#xCA4;&#xCCD;&#xCA4;&#xCC1; &#xCAA;&#xCB0;&#xC82;&#xCAA;&#xCB0;&#xCC6; &#xC87;&#xCB2;&#xCBE;&#xC96;&#xCC6; </subfield>
  </datafield>
  <datafield tag="245" ind1=" " ind2=" ">
    <subfield code="a">Parampare malike: gulabarga</subfield>
    <subfield code="b">&#xCAA;&#xCB0;&#xC82;&#xCAA;&#xCB0;&#xCC6; &#xCAE;&#xCBE;&#xCB2;&#xCBF;&#xC95;&#xCC6; : &#xC97;&#xCC1;&#xCB2;&#xCCD;&#xCAC;&#xCB0;&#xCCD;&#xC97;</subfield>
  </datafield>
  <datafield tag="260" ind1=" " ind2=" ">
    <subfield code="a">Bengaluru</subfield>
    <subfield code="b">Government of Karnataka</subfield>
    <subfield code="c">2009</subfield>
  </datafield>
  <datafield tag="300" ind1=" " ind2=" ">
    <subfield code="a">60</subfield>
  </datafield>
  <datafield tag="440" ind1=" " ind2=" ">
    <subfield code="a">Parampare mAlike</subfield>
    <subfield code="9">141850</subfield>
  </datafield>
  <datafield tag="650" ind1=" " ind2=" ">
    <subfield code="a">Geography</subfield>
    <subfield code="9">141851</subfield>
  </datafield>
  <datafield tag="650" ind1=" " ind2=" ">
    <subfield code="a">Geography of  India</subfield>
    <subfield code="9">141852</subfield>
  </datafield>
  <datafield tag="700" ind1=" " ind2=" ">
    <subfield code="a">GAYATRI (G V); VENKATESH MACHAKANUR</subfield>
    <subfield code="9">141853</subfield>
    <subfield code="d">  &#xC97;&#xCBE;&#xCAF;&#xCA4;&#xCCD;&#xCB0;&#xCBF; (&#xC9C;&#xCBF;&#xCB5;&#xCBF;); &#xCB5;&#xCC6;&#xC82;&#xC95;&#xC9F;&#xCC7;&#xCB6; &#xCAE;&#xCBE;&#xC9A;&#xC95;&#xCA8;&#xCC2;&#xCB0;</subfield>
  </datafield>
  <datafield tag="906" ind1=" " ind2=" ">
    <subfield code="a">gulabargA ; mAlike: ; Parampare</subfield>
  </datafield>
  <datafield tag="942" ind1=" " ind2=" ">
    <subfield code="2">ddc</subfield>
    <subfield code="c">BK</subfield>
  </datafield>
  <datafield tag="999" ind1=" " ind2=" ">
    <subfield code="c">215236</subfield>
    <subfield code="d">215236</subfield>
  </datafield>
  <datafield tag="952" ind1=" " ind2=" ">
    <subfield code="0">0</subfield>
    <subfield code="1">0</subfield>
    <subfield code="2">ddc</subfield>
    <subfield code="4">0</subfield>
    <subfield code="7">0</subfield>
    <subfield code="8">HIS</subfield>
    <subfield code="a">AL</subfield>
    <subfield code="b">AL</subfield>
    <subfield code="c">Geography</subfield>
    <subfield code="d">2021-02-17</subfield>
    <subfield code="g">0.00</subfield>
    <subfield code="l">0</subfield>
    <subfield code="o">915.487K KARP</subfield>
    <subfield code="p">065871</subfield>
    <subfield code="r">2021-02-17 00:00:00</subfield>
    <subfield code="w">2021-02-17</subfield>
    <subfield code="y">BK</subfield>
  </datafield>
  <datafield tag="952" ind1=" " ind2=" ">
    <subfield code="0">0</subfield>
    <subfield code="1">0</subfield>
    <subfield code="2">ddc</subfield>
    <subfield code="4">0</subfield>
    <subfield code="7">0</subfield>
    <subfield code="8">HIS</subfield>
    <subfield code="a">AL</subfield>
    <subfield code="b">AL</subfield>
    <subfield code="d">2011-02-28</subfield>
    <subfield code="l">0</subfield>
    <subfield code="o">915.487K KARP</subfield>
    <subfield code="p">D03853</subfield>
    <subfield code="r">2021-07-19 00:00:00</subfield>
    <subfield code="w">2021-07-19</subfield>
    <subfield code="y">DB</subfield>
  </datafield>
</record>
